Major League Cricket Teams - Statistics

General Stats
  • This quiz has been taken 27 times
  • The average score is 5 of 6
Answer Stats
Answer % Correct
MI New York
95%
Texas Super Kings
91%
Seattle Orcas
77%
Washington Freedom
77%
Los Angeles Knight Riders
73%
San Francisco Unicorns
64%
No matching quizzes found
Score Distribution
Percent of People with Each Score
Percentile by Number Answered
Your Score History
You have not taken this quiz